000 00744nam a22002657a 4500
003 CHAP
005 20220329140456.0
008 971013s1972 r 00010 d
010 _a52519
011 _a53491
035 _a57641
040 _cCHAP
082 _a635
_bF4Y
100 0 0 _aFersini, Antonio.
_940442
245 _aHorticultura práctica
260 _aMéxico :
_bDiana,
_c1972
300 _a411 p.
_b: ilus.
590 _aBATCH-UPD
_b10
_c20130110
_lUCH01
_h1751
590 _aCONVERSION
_b10
_c20130109
_lUCH01
_h1328
650 1 4 _aHorticultura.
_956291
901 _aBK
942 _cLIBRO
949 _a635 F4Y
_bBC
_cLIBRO
_d-125313
_eLIBRO
_h18519
_i57641
_si
949 _a635 F4Y
_bBC
_cLIBRO
_d-125314
_eLIBRO
_fc.2
_h33572
_i57641
_si
999 _c52519
_d52519